Statistics for Partially Recognised Countries in Asia

Click here to take the quiz!

General Stats

  • This quiz has been taken 68 times
  • The average score is 4 of 6

Answer Stats

Hint Answer % Correct
TaipeiTaiwan
98%
RamallahPalestine
70%
NicosiaNorthern Cyprus
63%
TskhinvaliSouth Ossetia
45%
Sukhumi/SukhumAbkhazia
44%
StepanakertNagorno-Karabakh
34%

Score Distribution

Percentile by Number Answered

Percent of People with Each Score

Your Score History

You have not taken this quiz